Quiz Cultura Generale - Quiz n°38 - Statistics

Statistiche generali
  • Questo quiz è stato fatto 212 volte
  • Il punteggio medio è 8 su 15
Statistiche sulle risposte
Domanda Risposta % Corretto
Quanti romanzi compongono la serie principale di Harry Potter? 7
95%
In quale canto dell'Inferno Dante si perde nella Selva oscura? Primo
94%
Chi ha dipinto la "Primavera" nel 1480? Sandro Botticelli
91%
Come si chiama la maga che incontra Ulisse sull'isola di Eea? Circe
83%
Con quale sigla di identifica l'Acido ribonucleico? RNA
80%
Come si chiamano gli abitanti di Parma? Parmigiani
74%
Chi canta il brano "Like a Virgin" del 1985? Madonna
62%
Qual era la divinità romana corrispondete alla greca Era? Giunone
52%
Tito è stato Presidente di quale nazione dal 1953 al 1980? Jugoslavia
52%
Come si chiamano gli abitanti dell'Azerbigian? Azeri
43%
Chi ha portato la tecnica della Stampa a caratteri mobili in Europa? Johannes Gutenberg
36%
Nell'Iliade come si chiama il padre di Astianatte? Ettore
31%
In che anno terminò la Guerra di Secessione americana? 1865
21%
In quale stato si trova il monte Denali? Stati Uniti d'America
16%
Come è detto un serpente privo di denti veleniferi? Aglifo
1%
Nessun quiz corrispondente trovato
Distribuzione punteggi
Percentuale di utenti per punteggio
Percentile per numero di risposta
I tuoi punteggi nel tempo
Non hai fatto questo quiz